Vista normal
Vista MARC
Entrada Meeting Name
Número de registros utilizados en: 1
001 - CONTROL NUMBER
- control field: 36251
003 - CONTROL NUMBER IDENTIFIER
- control field: OSt
005 - DATE AND TIME OF LATEST TRANSACTION
- control field: 20210317165732.0
008 - FIXED-LENGTH DATA ELEMENTS
- fixed length control field: 210317|| aca||aabn | a|a d
040 ## - CATALOGING SOURCE
- Original cataloging agency: OSt
- Transcribing agency: OSt
111 ## - HEADING--MEETING NAME
- Meeting name or jurisdiction name as entry element: Seminario Las Campañas contra el Terrorismo en Colombia y Perú : un análisis en perspectiva comparada
- Date of meeting or treaty signing: (2004)
670 ## - SOURCE DATA FOUND
- Source citation: Work cat.: (OSt): Seminario Las Campañas contra el Terrorismo en Colombia y Perú : un análisis en perspectiva comparada (2004), Las campañas contra el terrorismo en Colombia y Perú : , 2004